LEADER 01265nas 2200445-- 450 001 9910330755303321 005 20260407161247.0 011 $a2410-8057 035 $a(CKB)110978976780369 035 $a(CONSER)sn-83005300- 035 $a(DE-599)ZDB2726942-5 035 $a(DE-599)2726942-5 035 $a(EXLCZ)99110978976780369 100 $a20750920a19499999 --- a 101 0 $aara 181 $ctxt$2rdacontent 182 $cc$2rdamedia 183 $acr$2rdacarrier 200 10$aJournal 210 1$aBagdad :$cCollege of Medicine, University of Baghdad,$d1949- 215 $a1 online resource 300 $aRefereed/Peer-reviewed 311 08$aPrint version: Journal. (DLC)sn 83005300 (OCoLC)1641533 0041-9419 517 1 $aJournal of the Faculty of Medicine Baghdad 531 $aJ FAC MED BAGHDAD 531 $aJ. FAC. MED. BAGHDAD 606 $aMedicine$vPeriodicals 606 $aMedicine 606 $aMedicine$2fast$3(OCoLC)fst01014893 608 $aPeriodical. 608 $aPeriodicals.$2fast 615 0$aMedicine 615 2$aMedicine. 615 7$aMedicine. 676 $a610 906 $aJOURNAL 912 $a9910330755303321 920 $aexl_impl conversion 996 $aJournal$91325748 997 $aUNINA